<?xml version="1.0" encoding="UTF-8"?>
<record
    xmlns:xsi="http://www.w3.org/2001/XMLSchema-instance"
    xsi:schemaLocation="http://www.loc.gov/MARC21/slim http://www.loc.gov/standards/marcxml/schema/MARC21slim.xsd"
    xmlns="http://www.loc.gov/MARC21/slim">

  <leader>04149nam a2200433 i 4500</leader>
  <controlfield tag="003">CO-BoRNBP</controlfield>
  <controlfield tag="005">20250228095341.0</controlfield>
  <controlfield tag="007">ta</controlfield>
  <controlfield tag="008">231128s2023    ck a|||er     |10 0cspa d</controlfield>
  <datafield tag="020" ind1=" " ind2=" ">
    <subfield code="a">9786289553925</subfield>
  </datafield>
  <datafield tag="020" ind1=" " ind2=" ">
    <subfield code="a">97895853357</subfield>
  </datafield>
  <datafield tag="040" ind1=" " ind2=" ">
    <subfield code="a">CO-BoRNBP</subfield>
    <subfield code="b">spa</subfield>
    <subfield code="e">rda</subfield>
    <subfield code="c">CO-BoRNBP</subfield>
  </datafield>
  <datafield tag="041" ind1="0" ind2=" ">
    <subfield code="h">spa</subfield>
  </datafield>
  <datafield tag="043" ind1=" " ind2=" ">
    <subfield code="0">s-ck---</subfield>
  </datafield>
  <datafield tag="082" ind1="0" ind2="4">
    <subfield code="a">920.9861  </subfield>
    <subfield code="b">O41e</subfield>
  </datafield>
  <datafield tag="100" ind1="1" ind2=" ">
    <subfield code="a">Olarte Melguizo, Marcela,</subfield>
    <subfield code="e">autora</subfield>
    <subfield code="9">58981</subfield>
  </datafield>
  <datafield tag="245" ind1="1" ind2="0">
    <subfield code="a">&#xC9;rase una vez en Colombia </subfield>
    <subfield code="b">vidas que inspiran /</subfield>
    <subfield code="c">Marcela Olarte Melguizo &#x2026; [y otros tres autores] ; pr&#xF3;logo de Jorge Orlando Melo Gonz&#xE1;lez ; ilustraciones Carolina Bernal Camargo y Mar&#xED;a Luisa Isaza Gonz&#xE1;lez</subfield>
  </datafield>
  <datafield tag="250" ind1=" " ind2=" ">
    <subfield code="a">Cuarta edici&#xF3;n, Quinta edici&#xF3;n</subfield>
    <subfield code="b">Edici&#xF3;n especial para el Ministerio de las Culturas</subfield>
  </datafield>
  <datafield tag="264" ind1=" " ind2="1">
    <subfield code="a">Bogot&#xE1;, Colombia</subfield>
    <subfield code="b">Fundaci&#xF3;n Secretos para Contar</subfield>
    <subfield code="c">2023</subfield>
  </datafield>
  <datafield tag="300" ind1=" " ind2=" ">
    <subfield code="a">175 p&#xE1;ginas</subfield>
    <subfield code="b">ilustraciones a color</subfield>
    <subfield code="c">27 cm</subfield>
  </datafield>
  <datafield tag="336" ind1=" " ind2=" ">
    <subfield code="a">texto</subfield>
    <subfield code="b">txt</subfield>
    <subfield code="2">rdacontenido</subfield>
  </datafield>
  <datafield tag="337" ind1=" " ind2=" ">
    <subfield code="a">sin mediaci&#xF3;n</subfield>
    <subfield code="b">n</subfield>
    <subfield code="2">rdamedio</subfield>
  </datafield>
  <datafield tag="338" ind1=" " ind2=" ">
    <subfield code="a">volumen</subfield>
    <subfield code="b">nc</subfield>
    <subfield code="2">rdasoporte</subfield>
  </datafield>
  <datafield tag="490" ind1="0" ind2=" ">
    <subfield code="a">Secretos para contar</subfield>
  </datafield>
  <datafield tag="500" ind1=" " ind2=" ">
    <subfield code="a">Incluye &#xED;ndice</subfield>
  </datafield>
  <datafield tag="505" ind1="0" ind2=" ">
    <subfield code="a">Pr&#xF3;logo. -- Mar&#xED;a Cano, La mujer que alz&#xF3; la voz. -- Willington Ortiz, El futbolista aguerrido. -- Goyo Mart&#xED;nez, La emisaria del Pac&#xED;fico. -- Manuel Uribe &#xC1;ngel, El padre de la medicina en Antioquia. -- Gloria Valencia de Casta&#xF1;o, La primera dama de la televisi&#xF3;n. -- Tom&#xE1;s Carrasquilla, El novelista de la realidad antioque&#xF1;a. -- &#xA1;Coja oficio!. -- Esmeralda Arboleda, La pol&#xED;tica de la igualdad. -- Pedro Nel G&#xF3;mez, El pintor de la patria. -- Diana Trujillo Pomerantz, La ingeniera de la perseverancia. -- Jos&#xE9; Mar&#xED;a Acevedo, El genio de los electrodom&#xE9;sticos. -- Teresita G&#xF3;mez Arteaga, La pianista que rompi&#xF3; el molde. -- Alberto Lleras Camargo, Un estadista al servicio de Colombia. -- Ning&#xFA;n oficio es mejor que otro. -- Beatriz Restrepo Gallego, La maestra de la reflexi&#xF3;n y la ense&#xF1;anza. -- Jos&#xE9; Barros Palomino El pescador de versos y melod&#xED;as. -- Tita Maya Una mujer de avanzada. -- Cochise Rodr&#xED;guez, Un h&#xE9;roe sobre ruedas. -- Virginia Guti&#xE9;rrez de Pineda, La intr&#xE9;pida observadora del pa&#xED;s. -- Fernando Botero, Un artista monumental. -- Zapatero a tus zapatos. -- Tot&#xF3; la Momposina, La diva descalza. -- Guillermo Zuluaga "Montecristo", Medio siglo haciendo re&#xED;r a Colombia. -- Caterine Ibarg&#xFC;en, La sonrisa de oro del atletismo. -- Rogelio Salmona, El transformador de ciudades. -- &#xC1;ngela Restrepo Moreno, La curiosa incansable. -- Abel Rodr&#xED;guez Muinane, Los ojos de la selva. --  Hacer destino. -- Gabriel Garc&#xED;a M&#xE1;rquez, El Nobel del Caribe. -- D&#xE9;bora Arango P&#xE9;rez, Una artista provocadora. -- Francisco Lopera, El guardi&#xE1;n de la memoria. -- Petrona Mart&#xED;nez La reina del bullerengue. -- Carlos Enrique Osorio, El agricultor ecol&#xF3;gico. -- &#xBF;Cu&#xE1;ntos oficios hay?. -- Elisa M&#xFA;jica Vel&#xE1;squez, La narradora del universo femenino. -- Andr&#xE9;s Orozco Estrada, Una batuta prodigiosa. -- Sindey Carolina Bernal, Crear para ayudar. -- Belisario Betancur, El pol&#xED;tico que naveg&#xF3; a trav&#xE9;s de la poes&#xED;a. -- Luzmila Acosta de Ochoa, Una psiquiatra con sentido social. -- So&#xF1;ar no cuesta nada. -- Fernando Gonz&#xE1;lez, El fil&#xF3;sofo de Otraparte. -- Mar&#xED;a Teresa Uribe de Hincapi&#xE9;, Una pensadora comprometida. -- Francisco Sanclemente, El hombre que venci&#xF3; a la adversidad. -- Mariana Paj&#xF3;n, La triple medallista ol&#xED;mpica. -- Guillermo Cano Isaza, El s&#xED;mbolo de la libertad de prensa.</subfield>
  </datafield>
  <datafield tag="521" ind1=" " ind2=" ">
    <subfield code="a">Recomendado para un p&#xFA;blico adulto


</subfield>
  </datafield>
  <datafield tag="650" ind1="1" ind2="7">
    <subfield code="a">Personajes famosos </subfield>
    <subfield code="v">Biograf&#xED;as</subfield>
    <subfield code="y">Colombia</subfield>
    <subfield code="2">ARMARC</subfield>
    <subfield code="9">58982</subfield>
  </datafield>
  <datafield tag="650" ind1="1" ind2="7">
    <subfield code="a">Escritores </subfield>
    <subfield code="v">Biograf&#xED;as</subfield>
    <subfield code="z">Colombia</subfield>
    <subfield code="2">ARMARC</subfield>
    <subfield code="9">58983</subfield>
  </datafield>
  <datafield tag="650" ind1="1" ind2="7">
    <subfield code="a">Pol&#xED;ticos </subfield>
    <subfield code="v">Biograf&#xED;as</subfield>
    <subfield code="z">Colombia</subfield>
    <subfield code="2">ARMARC</subfield>
    <subfield code="9">58984</subfield>
  </datafield>
  <datafield tag="650" ind1="1" ind2="7">
    <subfield code="a">Deportistas </subfield>
    <subfield code="v">Biograf&#xED;as</subfield>
    <subfield code="z">Colombia</subfield>
    <subfield code="2">ARMARC</subfield>
    <subfield code="9">58985</subfield>
  </datafield>
  <datafield tag="700" ind1="1" ind2=" ">
    <subfield code="a">Quiroga Jim&#xE9;nez, Alberto Javier</subfield>
    <subfield code="e">autor</subfield>
    <subfield code="9">58986</subfield>
  </datafield>
  <datafield tag="700" ind1="1" ind2=" ">
    <subfield code="a">Gil Restrepo, M&#xF3;nica</subfield>
    <subfield code="e">autora</subfield>
    <subfield code="9">58987</subfield>
  </datafield>
  <datafield tag="700" ind1="1" ind2=" ">
    <subfield code="a">&#xC1;lvarez Betancourt, Javier</subfield>
    <subfield code="e">autor</subfield>
    <subfield code="9">58988</subfield>
  </datafield>
  <datafield tag="700" ind1="1" ind2=" ">
    <subfield code="a">Melo Gonz&#xE1;lez, Jorge Orlando</subfield>
    <subfield code="e">prologuista</subfield>
    <subfield code="9">58989</subfield>
  </datafield>
  <datafield tag="700" ind1="1" ind2=" ">
    <subfield code="a">Bernal Camargo, Carolina</subfield>
    <subfield code="e">ilustradora</subfield>
    <subfield code="9">58990</subfield>
  </datafield>
  <datafield tag="700" ind1="1" ind2=" ">
    <subfield code="a">Isaza Gonz&#xE1;lez, Mar&#xED;a Luisa</subfield>
    <subfield code="e">ilustradora</subfield>
    <subfield code="9">58991</subfield>
  </datafield>
  <datafield tag="942" ind1=" " ind2=" ">
    <subfield code="2">ddc</subfield>
    <subfield code="c">BK</subfield>
  </datafield>
  <datafield tag="999" ind1=" " ind2=" ">
    <subfield code="c">56998</subfield>
    <subfield code="d">56998</subfield>
  </datafield>
  <datafield tag="952" ind1=" " ind2=" ">
    <subfield code="0">0</subfield>
    <subfield code="1">0</subfield>
    <subfield code="2">ddc</subfield>
    <subfield code="4">0</subfield>
    <subfield code="7">0</subfield>
    <subfield code="8">GEN</subfield>
    <subfield code="a">MEGUAMAL</subfield>
    <subfield code="b">MEGUAMAL</subfield>
    <subfield code="c">GEN</subfield>
    <subfield code="d">2025-02-04</subfield>
    <subfield code="l">0</subfield>
    <subfield code="o">920.9861   O41e</subfield>
    <subfield code="p">GUA004844</subfield>
    <subfield code="r">2025-02-28 09:55:36</subfield>
    <subfield code="t">Ej.1</subfield>
    <subfield code="w">2025-02-28</subfield>
    <subfield code="y">BK</subfield>
  </datafield>
  <datafield tag="952" ind1=" " ind2=" ">
    <subfield code="0">0</subfield>
    <subfield code="1">0</subfield>
    <subfield code="2">ddc</subfield>
    <subfield code="4">0</subfield>
    <subfield code="7">0</subfield>
    <subfield code="8">GEN</subfield>
    <subfield code="a">MEPLLERAS</subfield>
    <subfield code="b">MEPLLERAS</subfield>
    <subfield code="c">GEN</subfield>
    <subfield code="d">2025-08-15</subfield>
    <subfield code="l">0</subfield>
    <subfield code="o">920.9861   O41e</subfield>
    <subfield code="p">PLL00439</subfield>
    <subfield code="r">2025-08-15 16:35:15</subfield>
    <subfield code="t">Ej.1</subfield>
    <subfield code="w">2025-08-15</subfield>
    <subfield code="y">BK</subfield>
  </datafield>
  <datafield tag="952" ind1=" " ind2=" ">
    <subfield code="0">0</subfield>
    <subfield code="1">0</subfield>
    <subfield code="2">ddc</subfield>
    <subfield code="4">0</subfield>
    <subfield code="7">0</subfield>
    <subfield code="8">GEN</subfield>
    <subfield code="a">MESGUARO</subfield>
    <subfield code="b">MESGUARO</subfield>
    <subfield code="c">GEN</subfield>
    <subfield code="d">2025-08-20</subfield>
    <subfield code="l">0</subfield>
    <subfield code="o">920.9861   O41e</subfield>
    <subfield code="p">SG04114</subfield>
    <subfield code="r">2025-08-20 15:25:43</subfield>
    <subfield code="t">Ej.1</subfield>
    <subfield code="w">2025-08-20</subfield>
    <subfield code="y">BK</subfield>
  </datafield>
  <datafield tag="952" ind1=" " ind2=" ">
    <subfield code="0">0</subfield>
    <subfield code="1">0</subfield>
    <subfield code="2">ddc</subfield>
    <subfield code="4">0</subfield>
    <subfield code="7">0</subfield>
    <subfield code="8">GEN</subfield>
    <subfield code="a">MEMAPIRI</subfield>
    <subfield code="b">MEMAPIRI</subfield>
    <subfield code="c">GEN</subfield>
    <subfield code="d">2025-08-22</subfield>
    <subfield code="l">0</subfield>
    <subfield code="o">920.9861   O41e</subfield>
    <subfield code="p">MAP00004474</subfield>
    <subfield code="r">2025-08-22 15:47:43</subfield>
    <subfield code="t">Ej.1</subfield>
    <subfield code="w">2025-08-22</subfield>
    <subfield code="y">BK</subfield>
  </datafield>
  <datafield tag="952" ind1=" " ind2=" ">
    <subfield code="0">0</subfield>
    <subfield code="1">0</subfield>
    <subfield code="2">ddc</subfield>
    <subfield code="4">0</subfield>
    <subfield code="7">0</subfield>
    <subfield code="8">GEN</subfield>
    <subfield code="a">MECABUYA</subfield>
    <subfield code="b">MECABUYA</subfield>
    <subfield code="c">GEN</subfield>
    <subfield code="d">2025-09-24</subfield>
    <subfield code="l">0</subfield>
    <subfield code="o">920.9861   O41e</subfield>
    <subfield code="p">CAB001234</subfield>
    <subfield code="r">2025-09-24 21:08:48</subfield>
    <subfield code="t">Ej.1</subfield>
    <subfield code="w">2025-09-24</subfield>
    <subfield code="y">BK</subfield>
  </datafield>
  <datafield tag="952" ind1=" " ind2=" ">
    <subfield code="0">0</subfield>
    <subfield code="1">0</subfield>
    <subfield code="2">ddc</subfield>
    <subfield code="4">0</subfield>
    <subfield code="7">0</subfield>
    <subfield code="8">GEN</subfield>
    <subfield code="a">MESMARTI</subfield>
    <subfield code="b">MESMARTI</subfield>
    <subfield code="c">GEN</subfield>
    <subfield code="d">2025-10-01</subfield>
    <subfield code="l">0</subfield>
    <subfield code="o">920.9861   O41e</subfield>
    <subfield code="p">SM04261</subfield>
    <subfield code="r">2025-10-01 20:02:48</subfield>
    <subfield code="t">Ej.1</subfield>
    <subfield code="w">2025-10-01</subfield>
    <subfield code="y">BK</subfield>
  </datafield>
  <datafield tag="952" ind1=" " ind2=" ">
    <subfield code="0">0</subfield>
    <subfield code="1">0</subfield>
    <subfield code="2">ddc</subfield>
    <subfield code="4">0</subfield>
    <subfield code="7">0</subfield>
    <subfield code="8">GEN</subfield>
    <subfield code="a">MECASTIL</subfield>
    <subfield code="b">MECASTIL</subfield>
    <subfield code="c">GEN</subfield>
    <subfield code="d">2025-10-08</subfield>
    <subfield code="l">0</subfield>
    <subfield code="o">920.9861   O41e</subfield>
    <subfield code="p">EC03080</subfield>
    <subfield code="r">2025-10-08 20:42:52</subfield>
    <subfield code="t">Ej.1</subfield>
    <subfield code="w">2025-10-08</subfield>
    <subfield code="y">BK</subfield>
  </datafield>
  <datafield tag="952" ind1=" " ind2=" ">
    <subfield code="0">0</subfield>
    <subfield code="1">0</subfield>
    <subfield code="2">ddc</subfield>
    <subfield code="4">0</subfield>
    <subfield code="7">0</subfield>
    <subfield code="8">GEN</subfield>
    <subfield code="a">MELEJANI</subfield>
    <subfield code="b">MELEJANI</subfield>
    <subfield code="c">GEN</subfield>
    <subfield code="d">2025-10-24</subfield>
    <subfield code="l">0</subfield>
    <subfield code="o">920.9861   O41e</subfield>
    <subfield code="p">LEJ01090</subfield>
    <subfield code="r">2025-10-24 21:44:38</subfield>
    <subfield code="t">Ej.1</subfield>
    <subfield code="w">2025-10-24</subfield>
    <subfield code="y">BK</subfield>
  </datafield>
  <datafield tag="952" ind1=" " ind2=" ">
    <subfield code="0">0</subfield>
    <subfield code="1">0</subfield>
    <subfield code="2">ddc</subfield>
    <subfield code="4">0</subfield>
    <subfield code="7">0</subfield>
    <subfield code="8">GEN</subfield>
    <subfield code="a">MEMACARE</subfield>
    <subfield code="b">MEMACARE</subfield>
    <subfield code="c">LIT</subfield>
    <subfield code="d">2025-11-05</subfield>
    <subfield code="l">0</subfield>
    <subfield code="o">920.9861   O41e</subfield>
    <subfield code="p">LM03331</subfield>
    <subfield code="r">2025-11-05 21:32:55</subfield>
    <subfield code="t">Ej.1</subfield>
    <subfield code="w">2025-11-05</subfield>
    <subfield code="y">BK</subfield>
  </datafield>
  <datafield tag="952" ind1=" " ind2=" ">
    <subfield code="0">0</subfield>
    <subfield code="1">0</subfield>
    <subfield code="2">ddc</subfield>
    <subfield code="4">0</subfield>
    <subfield code="7">0</subfield>
    <subfield code="8">GEN</subfield>
    <subfield code="a">MEMACARE</subfield>
    <subfield code="b">MEMACARE</subfield>
    <subfield code="c">LIT</subfield>
    <subfield code="d">2025-11-06</subfield>
    <subfield code="l">0</subfield>
    <subfield code="o">920.9861   O41e</subfield>
    <subfield code="p">LM03664</subfield>
    <subfield code="r">2025-11-06 16:03:58</subfield>
    <subfield code="t">Ej.1</subfield>
    <subfield code="w">2025-11-06</subfield>
    <subfield code="y">BK</subfield>
  </datafield>
  <datafield tag="952" ind1=" " ind2=" ">
    <subfield code="0">0</subfield>
    <subfield code="1">0</subfield>
    <subfield code="2">ddc</subfield>
    <subfield code="4">0</subfield>
    <subfield code="7">0</subfield>
    <subfield code="8">GEN</subfield>
    <subfield code="a">MEPCONCO</subfield>
    <subfield code="b">MEPCONCO</subfield>
    <subfield code="c">GEN</subfield>
    <subfield code="d">2026-01-22</subfield>
    <subfield code="l">0</subfield>
    <subfield code="o">920.9861   O41e</subfield>
    <subfield code="p">PCON00273</subfield>
    <subfield code="r">2026-01-22 15:13:58</subfield>
    <subfield code="t">Ej.1</subfield>
    <subfield code="w">2026-01-22</subfield>
    <subfield code="y">BK</subfield>
  </datafield>
  <datafield tag="952" ind1=" " ind2=" ">
    <subfield code="0">0</subfield>
    <subfield code="1">0</subfield>
    <subfield code="2">ddc</subfield>
    <subfield code="4">0</subfield>
    <subfield code="7">0</subfield>
    <subfield code="8">GEN</subfield>
    <subfield code="a">MEURIBE</subfield>
    <subfield code="b">MEURIBE</subfield>
    <subfield code="c">GEN</subfield>
    <subfield code="d">2026-02-03</subfield>
    <subfield code="l">0</subfield>
    <subfield code="o">920.9861   O41e</subfield>
    <subfield code="p">URI03284</subfield>
    <subfield code="r">2026-02-03 15:15:52</subfield>
    <subfield code="t">Ej.1</subfield>
    <subfield code="w">2026-02-03</subfield>
    <subfield code="y">BK</subfield>
  </datafield>
</record>
